000 00396nam a2200169 a 4500
001 1765971515443
003 ACL
005 20251217171701.0
008 251217s2025##################000#0#eng##
020 _a9780753716298
082 0 4 _a641.56384
_bLOW
100 1 _aBounty,
_eauthor.
245 1 0 _aCook's Library: Low Fat :
300 _a96 pages
942 _cENGLISH
040 _aACL
_beng
_cACL
999 _c603089
_d603089